| 000 | 00878nas a2200265 4500 | ||
|---|---|---|---|
| 001 | BR0601188 | ||
| 003 | BR-BrBNA | ||
| 005 | 20231205105910.0 | ||
| 007 | ta | ||
| 008 | 230509b bl.|||p| |||| 00| 00por d | ||
| 040 |
_aBR-BrBNA _bpor _cBiblioteca Nacional de Agricultura |
||
| 041 | _a(Pt) | ||
| 072 | _aF30; H10 | ||
| 100 | 1 | _aParon, M.J.F de O. | |
| 100 | 1 | _aLara, F.M. | |
| 245 | 1 | _aRelação entre tricomas foliares de genótipos de feijoeiro comum, Phaseolus vulgaris L. e resistência a Diabrotica speciosa Germar, 1824 (Coleoptera: Chrysomelidae) | |
| 650 | _aFEIJÃO | ||
| 650 | _aGENÓTIPO | ||
| 650 | _aVARIEDADE RESISTENTE | ||
| 650 | _aVAQUINHA | ||
| 650 | _aESTUFA | ||
| 773 | 0 |
_tCiência e Agrotecnologia (Brazil) _xISSN 1413-7054 _g(Jul-Aug 2005), v. 29(4) p. 894-898 _wBR0601188 |
|
| 909 |
_a202311 _bLúcia _c55 _dLúcia Elande |
||
| 942 |
_2AGRIS _n0 _cANA |
||
| 999 |
_c185255 _d185255 |
||